| 000 | 01195cam a2200289 i 4500 | ||
|---|---|---|---|
| 003 | SA-RiAUC | ||
| 005 | 20241212080053.0 | ||
| 008 | 241211s2000 su o g 00000dara c | ||
| 040 |
_aSA-JeALM _bara _cSA-RiAUC _erda |
||
| 043 | _aa-su--- | ||
| 082 | 0 | 4 | _a378.3409531 |
| 090 |
_a378.3409531 _b ح ر ي |
||
| 100 | 1 |
_aالحريري، صالح جمال، _d1337-حوالي 1400 هجري _eمؤلف. |
|
| 245 | 1 | 2 |
_aالبعثات السعودية في عهد الملك عبد العزيز / _cإعداد صالح الحريري. |
| 250 | _aالطبعة الثالثة. | ||
| 264 | 1 |
_aجدة, السعودية : _bمكتبة روائع المملكة، _c2014 |
|
| 300 |
_a366 صفحة : _bصور ؛ _c28 سم |
||
| 336 |
_aنص _btxt _2rdacontent _3كتاب |
||
| 337 |
_aبدون وسيط _bn _2rdamedia |
||
| 338 |
_aمجلد _bnc _2rdacarrier |
||
| 650 | 7 |
_aالمنح الدراسية _zالسعودية _2aucsh |
|
| 650 | 7 |
_aالمنح الدراسية _zالسعودية _2aucsh |
|
| 650 | 7 |
_aالتعليم _zالسعودية _2aucsh |
|
| 700 |
_aالحرير, حسان بن صالح. _eاعتنى بجمعه. |
||
| 942 |
_2ddc _cBOOK _n0 |
||
| 949 |
_aSA-JeALM _d241211 _umohamedma123 _n1 |
||
| 999 |
_c3398 _d3398 |
||